MARC details
| 000 -CABECERA |
| campo de control de longitud fija |
04865nam a2200433Ia 4500 |
| 001 - NÚMERO DE CONTROL |
| campo de control |
dia_4966 |
| 003 - IDENTIFICADOR DEL NÚMERO DE CONTROL |
| campo de control |
CHAP |
| 005 - FECHA Y HORA DE LA ÚLTIMA TRANSACCIÓN |
| campo de control |
20240923134507.0 |
| 007 - CAMPO FIJO DE DESCRIPCIÓN FÍSICA--INFORMACIÓN GENERAL |
| campo de control de longitud fija |
ta |
| 008 - DATOS DE LONGITUD FIJA--INFORMACIÓN GENERAL |
| campo de control de longitud fija |
220117s2012 mx bd frm 001 0 spa d |
| 010 ## - NÚMERO DE CONTROL DE LA BIBLIOTECA DEL CONGRESO |
| Número de control de LC |
175778 |
| 040 ## - FUENTE DE LA CATALOGACIÓN |
| Centro/agencia transcriptor |
CHAP |
| Centro catalogador/agencia de origen |
mxchpua |
| Normas de descripción |
rda |
| 041 0# - CÓDIGO DE LENGUA |
| Código de lengua del texto/banda sonora o título independiente |
spa |
| Código de lengua del sumario o resumen |
eng |
| 090 ## - LOCALMENTE ASIGNADO TIPO-LC NÚMERO DE CLASIFICACIÓN (OCLC); NÚMERO DE CLASIFICACIÓN LOCAL (RLIN) |
| Número de clasificación (OCLC) (R) ; Numero de clasificación, CALL (RLIN) (NR) |
Tesis |
| Número cutter local (OCLC) ; Número de libro/Signatura topográfica íntegra, CALL (RLIN) |
V39 |
| año |
2012 |
| 100 1# - ENTRADA PRINCIPAL--NOMBRE DE PERSONA |
| Nombre de persona |
Vázquez Saavedra, Elda Jimena |
| 245 10 - MENCIÓN DE TÍTULO |
| Título |
Caracterización de la problemática sobre los Derechos de Obtentor en la Floricultura : |
| Resto del título |
el caso de la Rosa (Rosa sp) en Villa Guerrero, Estado de México / |
| Mención de responsabilidad, etc. |
Elda Jimena Vázquez Saavedra |
| 264 ## - PRODUCCIÓN, PUBLICACIÓN, DISTRIBUCIÓN, FABRICACIÓN Y COPYRIGHT |
| Producción, publicación, distribución, fabricación y copyright |
Chapingo, México : |
| Nombre del de productor, editor, distribuidor, fabricante |
El autor, |
| Fecha de producción, publicación, distribución, fabricación o copyright |
2012 |
| 300 ## - DESCRIPCIÓN FÍSICA |
| Extensión |
xiii, 119 hojas : |
| Otras características físicas |
mapas, gráficas, diagramas, tablas + |
| Material acompañante/anejo |
1 CD-ROM |
| 336 ## - TIPO DE CONTENIDO |
| Fuente |
rdacontent |
| Término de tipo de contenido |
texto |
| Código de tipo de contenido |
txt |
| 337 ## - TIPO DE MEDIO |
| Fuente |
rdamedia |
| Nombre/término del tipo de medio |
no mediado |
| Código del tipo de medio |
n |
| 338 ## - TIPO DE SOPORTE |
| Fuente |
rdacarrier |
| Nombre/término del tipo de soporte |
volumen |
| Código del tipo de soporte |
nc |
| 500 ## - NOTA GENERAL |
| Nota general |
El CD contiene artículo, presentación y reporte |
| 502 ## - NOTA DE TESIS |
| Nota de tesis |
Tesis |
| Tipo de título |
(Ingeniero Agroindustrial) -- |
| Nombre de la institución que otorga el título |
UACh. Departamento de Ingeniería Agroindustrial, |
| Año de obtención del título |
2012 |
| 504 ## - NOTA DE BIBLIOGRAFÍA, ETC. |
| Nota de bibliografía, etc. |
Bibliografía: hojas 99-102 |
| 520 3# - SUMARIO, ETC. |
| Sumario, etc. |
El desarrollo y uso de la biotecnología en el área agrícola, ha abierto un nuevo campo de inversiones a empresas transnacionales, mejor conocidas en su marco jurídico como empresas obtentoras, dedicadas a la manipulación genética por métodos convencionales obteniendo con ello, nuevas variedades vegetales, que se cotizan alto en los mercados principalmente Maíz (Zea mays) y Rosa (Rosa sp), mismas variedades que pueden ser protegidas legalmente por la modalidad de Derecho de Obtentor y cuya regulación se encuentra establecida en el marco jurídico nacional (Ley Federal de Variedades Vegetales y su reglamento) e internacional (Convenio Internacional para la Obtención de las Variedades Vegetales, Actas 1961, 1972, 1978 y 1991). Sin embargo tal forma de protección ha traído diversos problemas entre obtentores, usuarios y autoridad competente (Servicio Nacional de Inspección y Certificación de Semillas) por el uso del material protegido, debido a una serie de insuficiencias, vacíos e interpretaciones diversas de la legislación nacional e internacional en la materia y hasta por las formas irregulares de acceso al material vegetativo y el respectivo cobro de regalías, así como las intervenciones poco ajustadas a derecho por parte del SNICS. La problemática que aborda el presente trabajo, tiene que ver con esos procesos irregulares y el cobro de regalías excesivas que bajo presunción de piratería, dichas empresas reclaman a los floricultores del municipio de Villa Guerrero, estado de México, principales usuarios del material genético mejorado de Rosa, (plantas completas o partes de ellas). -- |
| 520 3# - SUMARIO, ETC. |
| Sumario, etc. |
The development and the use of biotechnology in the agriculture area, has opened a new opportunity of investments to transnational companies, well known in legal framework as obtentoras companies dedicated to the genetic manipulation by conventional methods getting with that new variety of vegetables getting high value in the market principal Corn (Zea mays) and Rose (Rosa sp) this varieties can be legally protected by the modality of Breeders' Rights duty and that regulation can be found established in the national juridical framework (federal statute of variety vegetables and its regulation) and international (international agreement for the obtaining of new vegetable varieties, articles of incorporation 1961, 1972, 1978 and 1991). However that way of protection has brought many problems with breeders, users and competent authority (National Service of Inspection and Seeds Certification, SNICS) for the use of protected material, due to a number of inadequacies, shortcomings and different interpretations of the national and international legislation in that field, even for the irregular access ways to vegetal material and the cost the royalties also the few intervention of the SNICS. The topic of this thesis was all about related with those irregular processes and the excessive costs of the royalties that under presumption of piracy these companies claim to the flower growers in the Township Villa Guerrero, State of Mexico, main users of improved genetic material of Rose (complete plants and parts of them). |
| 650 13 - PUNTO DE ACCESO ADICIONAL DE MATERIA--TÉRMINO DE MATERIA |
| Término de materia o nombre geográfico como elemento de entrada |
Floricultura |
| Fuente del encabezamiento o término |
atg |
| Subdivisión geográfica |
México |
| -- |
México (Estado) |
| 650 13 - PUNTO DE ACCESO ADICIONAL DE MATERIA--TÉRMINO DE MATERIA |
| Término de materia o nombre geográfico como elemento de entrada |
Gestión de viveros |
| Fuente del encabezamiento o término |
atg |
| 650 10 - PUNTO DE ACCESO ADICIONAL DE MATERIA--TÉRMINO DE MATERIA |
| Término de materia o nombre geográfico como elemento de entrada |
Floriculture |
| Subdivisión geográfica |
Mexico |
| -- |
Mexico (State) |
| Fuente del encabezamiento o término |
atg |
| 650 13 - PUNTO DE ACCESO ADICIONAL DE MATERIA--TÉRMINO DE MATERIA |
| Término de materia o nombre geográfico como elemento de entrada |
Nursery management |
| Fuente del encabezamiento o término |
atg |
| 700 1# - PUNTO DE ACCESO ADICIONAL--NOMBRE DE PERSONA |
| Nombre de persona |
Morales Santos, Tayde |
| Término indicativo de función/relación |
directora |
| 700 1# - PUNTO DE ACCESO ADICIONAL--NOMBRE DE PERSONA |
| Nombre de persona |
López Herrera, Agustín |
| Término indicativo de función/relación |
asesor |
| 700 1# - PUNTO DE ACCESO ADICIONAL--NOMBRE DE PERSONA |
| Nombre de persona |
Ramírez Díaz, Francisco Javier |
| Término indicativo de función/relación |
asesor |
| 856 41 - LOCALIZACIÓN Y ACCESO ELECTRÓNICOS |
| Identificador Uniforme del Recurso |
<a href="http://10.13.5.2/tesis/sist108750.pdf">http://10.13.5.2/tesis/sist108750.pdf</a> |
| Texto de enlace |
DESCARGAR PDF |
| 901 ## - ELEMENTOS DE DATOS A LOCAL LDA (RLIN) |
| a |
TESIS 6879 |
| 942 ## - ELEMENTOS DE PUNTO DE ACCESO ADICIONAL (KOHA) |
| Tipo de ítem Koha |
TESIS |
| Fuente del sistema de clasificación o colocación |
Clasificación Universidad Autónoma Chapingo |
| 902 ## - ELEMENTOS DE DATOS B LOCAL, LDB (RLIN) |
| a |
M |
| 905 ## - ELEMENTOS DE DATOS E LOCAL, LDE (RLIN) |
| a |
5232272012 mx am 8222223322spa16 |